| 000 | 00386 a2200133 4500 | ||
|---|---|---|---|
| 020 | _a0662119843 | ||
| 082 | _a658 | ||
| 090 |
_c4941 _d4941 |
||
| 245 |
_aMinding your own business (Vol I) _cFederal Business Development Bank |
||
| 260 |
_aCanada : _bFederal Business Development Bank, _c1982. |
||
| 300 |
_a153 p. ; _c20 cm. |
||
| 650 | _aSmall business --Management. | ||
| 942 |
_cBK _k658 FED |
||
| 999 |
_c8818 _d8818 |
||